El acto jurídico en el Derecho Civil peruano: análisis estructural, funcional y dogmático (Registro nro. 22215)

000 -Cabecera
Campo de control interno 01384nam a2200205 4500
001 - Número de control
control field ESSALUD
007 - Tipo material - Descripcion fisica - info general
Tipo material - Descripcion fisica - info general ta
008 - Elementos de Longitud Fija - Información General
Elementos de Longitud Fija - Información t2025 pe ||||| |||| 00| 0 spa d
040 ## - Origen de la Catalogación
Origen de la Catalogación BMG
041 ## - Idioma
Idioma spa
100 ## - Autor
Autor Chilin Jaime, Juan Jossimar
Rol del Autor autor
9 (RLIN) 49423
245 ## - Titulo
Titulo El acto jurídico en el Derecho Civil peruano: análisis estructural, funcional y dogmático
300 ## - Páginas
Paginación páginas 27-49
520 ## - Resumen
Resumen El acto jurídico es el pilar central del Derecho Civil, pues constituye la manifestación de la autonomía de la voluntad y la fuente principal de las relaciones jurídicas. En el ordenamiento peruano, el acto jurídico se regula como una figura con estructura, requisitos, elementos esenciales y no esenciales, así como con una tipología amplia que permite su adaptación a los diversos escenarios sociales y económicos. El presente artículo analiza el acto jurídico desde una perspectiva normativa, doctrinaria y jurisprudencial, abordando también los supuestos de ineficacia y proponiendo una reflexión sobre su función dentro del sistema jurídico civil.
650 ## - Temas - Descriptores
Temas - Descriptores LEGISLACIÓN
9 (RLIN) 209
653 ## - Palabras claves
Palabras claves ACTO JURÍDICO
653 ## - Palabras claves
Palabras claves DERECHO CIVIL
773 0# - Revista (Relacion con el numero)
Host Biblionumber 19945
Host Itemnumber 22506
Ciudad, Editorial Lima Gaceta Jurídica Editores, 2013-
Codigo barras item/ejemplar GACIV028
Titulo de la Revista Gaceta civil & procesal civil : información especializada para abogados y jueces
Número de control de registro ESSALUD
ISSN 2305-3259
942 ## - Elementos de Koha
Tipo de Documento Artículos
Fecha procesamiento 2026-02-19
Catalogador AFC

No hay ítems disponibles.